[Event "Hastings Masters"]
[Site "Horntye, Hastings"]
[Date "2018.01.05"]
[Round "9"]
[Board "11"]
[White "BOINO, Claudio"]
[Black "MANNION, Stephen R"]
[Result "0-1"]
[WhiteElo "2123"]
[BlackElo "2285"]
[PlyCount "0"]
[EventDate "2017.12.28"]
[EventRounds "9"]
[EventCountry "ENG"]

1. d4 {[%clk 1:40:54]} d5 {[%clk 1:40:55]} 2. Nf3 {[%clk 1:41:17]} Nf6
{[%clk 1:41:19]} 3. c4 {[%clk 1:41:41]} dxc4 {[%clk 1:41:41]} 4. e3
{[%clk 1:42:05]} Bg4 {[%clk 1:41:58]} 5. Bxc4 {[%clk 1:42:25]} e6
{[%clk 1:42:22]} 6. h3 {[%clk 1:42:49]} Bh5 {[%clk 1:42:46]} 7. O-O
{[%clk 1:42:02]} a6 {[%clk 1:42:16]} 8. a3 {[%clk 1:40:02]} Nc6 {[%clk 1:40:35]}
9. b4 {[%clk 1:39:16]} Bd6 {[%clk 1:40:25]} 10. Bb2 {[%clk 1:35:00]} O-O
{[%clk 1:39:58]} 11. Be2 {[%clk 1:31:17]} Qe7 {[%clk 1:31:16]} 12. Nc3
{[%clk 1:25:10]} Rad8 {[%clk 1:29:18]} 13. Qb3 {[%clk 1:21:09]} e5
{[%clk 1:07:34]} 14. d5 {[%clk 1:18:59]} Nb8 {[%clk 1:07:55]} 15. e4
{[%clk 1:00:34]} Bg6 {[%clk 1:04:42]} 16. Nd2 {[%clk 0:46:00]} Nbd7
{[%clk 1:04:00]} 17. Bf3 {[%clk 0:45:41]} h6 {[%clk 0:48:35]} 18. Nc4
{[%clk 0:41:13]} Nh7 {[%clk 0:44:47]} 19. Nxd6 {[%clk 0:41:11]} cxd6
{[%clk 0:44:45]} 20. Ne2 {[%clk 0:24:45]} Ng5 {[%clk 0:27:05]} 21. Ng3
{[%clk 0:24:34]} Nf6 {[%clk 0:26:52]} 22. Qe3 {[%clk 0:24:15]} Rc8
{[%clk 0:17:07]} 23. Rac1 {[%clk 0:24:29]} Qd7 {[%clk 0:16:57]} 24. h4
{[%clk 0:23:14]} Nxf3+ {[%clk 0:16:40]} 25. Qxf3 {[%clk 0:23:34]} h5
{[%clk 0:16:12]} 26. Qe2 {[%clk 0:21:13]} Qe7 {[%clk 0:11:33]} 27. Qf3
{[%clk 0:19:43]} Ng4 {[%clk 0:11:26]} 28. Rxc8 {[%clk 0:13:04]} Rxc8
{[%clk 0:11:51]} 29. Nf5 {[%clk 0:13:25]} Bxf5 {[%clk 0:11:12]} 30. Qxf5
{[%clk 0:13:42]} Rc2 {[%clk 0:11:29]} 31. Qxh5 {[%clk 0:05:08]} Nf6
{[%clk 0:11:56]} 32. Qf5 {[%clk 0:05:29]} g6 {[%clk 0:07:07]} 33. Qg5
{[%clk 0:05:46]} Rxb2 {[%clk 0:07:25]} 34. Rc1 {[%clk 0:06:03]} Kg7
{[%clk 0:06:58]} 35. Rc3 {[%clk 0:03:05]} Rb1+ {[%clk 0:05:08]} 36. Kh2
{[%clk 0:03:33]} Qd7 {[%clk 0:05:14]} 37. f3 {[%clk 0:03:23]} Nh5
{[%clk 0:05:02]} 38. Qd2 {[%clk 0:03:35]} Qb5 {[%clk 0:04:35]} 39. Rc1
{[%clk 0:03:14]} Rxc1 {[%clk 0:04:33]} 40. Qxc1 {[%clk 0:03:35]} Qe2
{[%clk 0:04:53]} 0-1

[Event "Hastings Masters"]
[Site "Horntye, Hastings"]
[Date "2018.01.05"]
[Round "9"]
[Board "12"]
[White "BYRON, Alan M"]
[Black "WEGERLE, Joerg"]
[Result "0-1"]
[WhiteElo "2099"]
[BlackElo "2421"]
[PlyCount "0"]
[EventDate "2017.12.28"]
[EventRounds "9"]
[EventCountry "ENG"]

1. e4 {[%clk 1:40:46]} c5 {[%clk 1:40:52]} 2. Nf3 {[%clk 1:41:08]} Nc6
{[%clk 1:41:16]} 3. Bb5 {[%clk 1:41:29]} g6 {[%clk 1:41:30]} 4. O-O
{[%clk 1:41:12]} Bg7 {[%clk 1:41:52]} 5. Re1 {[%clk 1:40:41]} Nf6
{[%clk 1:41:45]} 6. e5 {[%clk 1:38:58]} Nd5 {[%clk 1:40:57]} 7. d3
{[%clk 1:38:30]} Nc7 {[%clk 1:39:32]} 8. Bxc6 {[%clk 1:38:50]} dxc6
{[%clk 1:39:53]} 9. h3 {[%clk 1:39:09]} h6 {[%clk 1:34:08]} 10. Nc3
{[%clk 1:33:15]} Be6 {[%clk 1:32:09]} 11. Ne4 {[%clk 1:27:03]} b6
{[%clk 1:30:57]} 12. a3 {[%clk 1:25:49]} Qd7 {[%clk 1:20:06]} 13. Qe2
{[%clk 1:23:44]} Nb5 {[%clk 1:15:15]} 14. c3 {[%clk 1:21:04]} Rd8
{[%clk 1:13:07]} 15. Bf4 {[%clk 1:08:31]} O-O {[%clk 0:49:29]} 16. Rad1
{[%clk 1:08:52]} Bd5 {[%clk 0:43:30]} 17. Qd2 {[%clk 0:44:17]} Bb3
{[%clk 0:33:34]} 18. Bxh6 {[%clk 0:41:19]} Bxd1 {[%clk 0:32:55]} 19. Rxd1
{[%clk 0:41:43]} Nc7 {[%clk 0:25:26]} 20. Qf4 {[%clk 0:25:47]} Qf5
{[%clk 0:23:03]} 21. Qh4 {[%clk 0:25:57]} Bxh6 {[%clk 0:20:33]} 22. Qxh6
{[%clk 0:24:39]} Qh5 {[%clk 0:20:36]} 23. Qxh5 {[%clk 0:23:02]} gxh5
{[%clk 0:20:59]} 24. Ng3 {[%clk 0:23:23]} Ne6 {[%clk 0:17:15]} 25. Nxh5
{[%clk 0:23:09]} Rd7 {[%clk 0:16:57]} 26. Kf1 {[%clk 0:23:06]} Rfd8
{[%clk 0:16:24]} 27. Ke2 {[%clk 0:23:33]} c4 {[%clk 0:14:46]} 28. d4
{[%clk 0:18:07]} c5 {[%clk 0:14:59]} 29. Ke3 {[%clk 0:18:31]} Rd5
{[%clk 0:12:38]} 30. Ng3 {[%clk 0:17:29]} cxd4+ {[%clk 0:10:12]} 31. cxd4
{[%clk 0:17:56]} Rb5 {[%clk 0:09:51]} 32. Rd2 {[%clk 0:12:38]} Nc7
{[%clk 0:09:49]} 33. Rc2 {[%clk 0:11:04]} Nd5+ {[%clk 0:07:07]} 34. Ke4
{[%clk 0:11:24]} e6 {[%clk 0:05:29]} 35. Nd2 {[%clk 0:10:12]} f5+
{[%clk 0:03:48]} 36. exf6 {[%clk 0:10:01]} Nxf6+ {[%clk 0:04:05]} 37. Ke3
{[%clk 0:10:24]} Nd5+ {[%clk 0:02:19]} 38. Ke4 {[%clk 0:10:44]} Nf6+
{[%clk 0:01:07]} 39. Ke3 {[%clk 0:11:13]} e5 {[%clk 0:00:58]} 40. dxe5
{[%clk 0:04:12]} Rxe5+ {[%clk 0:00:51]} 41. Kf4 {[%clk 0:04:17]} Re7
{[%clk 0:45:02]} 42. Kg5 {[%clk 0:26:17]} Nd5 {[%clk 0:32:03]} 43. Nde4
{[%clk 0:16:43]} Rg7+ {[%clk 0:28:04]} 44. Kf5 {[%clk 0:15:48]} Rf7+
{[%clk 0:28:01]} 45. Kg5 {[%clk 0:14:04]} Kh8 {[%clk 0:11:36]} 46. Nh5
{[%clk 0:05:44]} Rg8+ {[%clk 0:04:48]} 47. Kh4 {[%clk 0:06:11]} Nf4
{[%clk 0:03:47]} 48. Ng5 {[%clk 0:05:50]} Nxg2+ {[%clk 0:02:54]} 49. Kg4
{[%clk 0:06:17]} Rc7 {[%clk 0:03:09]} 50. h4 {[%clk 0:05:50]} c3 {[%clk 0:03:00]}
51. Kh3 {[%clk 0:03:06]} Ne1 {[%clk 0:02:32]} 52. Rxc3 {[%clk 0:01:35]} Rxc3+
{[%clk 0:02:39]} 53. bxc3 {[%clk 0:02:04]} Rc8 {[%clk 0:02:53]} 54. Ne4
{[%clk 0:01:53]} Nc2 {[%clk 0:02:36]} 55. a4 {[%clk 0:01:21]} a5 {[%clk 0:02:02]}
56. Kg4 {[%clk 0:01:30]} b5 {[%clk 0:01:26]} 57. axb5 {[%clk 0:00:45]} a4
{[%clk 0:01:49]} 58. Nd6 {[%clk 0:00:46]} Rb8 {[%clk 0:01:15]} 59. Kf5
{[%clk 0:00:34]} Rb6 {[%clk 0:01:06]} 60. c4 {[%clk 0:00:40]} Rxd6
{[%clk 0:01:18]} 61. Ke5 {[%clk 0:00:40]} Rb6 {[%clk 0:01:15]} 62. Kd5
{[%clk 0:00:46]} a3 {[%clk 0:01:31]} 0-1

[Event "Hastings Masters"]
[Site "Horntye, Hastings"]
[Date "2018.01.05"]
[Round "9"]
[Board "13"]
[White "STANISZ, Patryk"]
[Black "MURPHY, Conor E"]
[Result "0-1"]
[WhiteElo "2150"]
[BlackElo "2313"]
[PlyCount "0"]
[EventDate "2017.12.28"]
[EventRounds "9"]
[EventCountry "ENG"]

1. d4 {[%clk 1:40:56]} d5 {[%clk 1:40:46]} 2. c4 {[%clk 1:41:07]} e6
{[%clk 1:41:10]} 3. Nc3 {[%clk 1:41:29]} c6 {[%clk 1:41:31]} 4. e4
{[%clk 1:41:41]} dxe4 {[%clk 1:41:54]} 5. Nxe4 {[%clk 1:42:04]} Bb4+
{[%clk 1:42:18]} 6. Bd2 {[%clk 1:42:24]} Qxd4 {[%clk 1:42:41]} 7. Bxb4
{[%clk 1:42:49]} Qxe4+ {[%clk 1:43:04]} 8. Be2 {[%clk 1:43:15]} Na6
{[%clk 1:42:46]} 9. Ba5 {[%clk 1:43:14]} b6 {[%clk 1:43:08]} 10. Qd6
{[%clk 1:42:24]} bxa5 {[%clk 1:43:23]} 11. Rd1 {[%clk 1:42:19]} f6
{[%clk 1:43:45]} 12. Rd4 {[%clk 1:03:33]} Qb1+ {[%clk 1:25:40]} 13. Rd1
{[%clk 1:03:48]} Qxb2 {[%clk 1:23:22]} 14. Qxc6+ {[%clk 1:03:42]} Kf7
{[%clk 1:23:27]} 15. Qxa8 {[%clk 1:03:31]} Ne7 {[%clk 1:22:47]} 16. Qxa7
{[%clk 0:55:56]} Qb4+ {[%clk 1:17:58]} 17. Kf1 {[%clk 0:55:39]} Nc5
{[%clk 1:16:27]} 18. Qc7 {[%clk 0:47:40]} Ne4 {[%clk 0:55:16]} 19. Nf3
{[%clk 0:35:13]} Nc3 {[%clk 0:47:02]} 20. Re1 {[%clk 0:34:46]} Ba6
{[%clk 0:45:35]} 21. a3 {[%clk 0:19:52]} Qxa3 {[%clk 0:42:39]} 22. Qb6
{[%clk 0:16:44]} Nxe2 {[%clk 0:39:06]} 23. Qxa6 {[%clk 0:15:27]} Nf4
{[%clk 0:39:04]} 24. Re3 {[%clk 0:14:11]} Qc1+ {[%clk 0:28:24]} 25. Re1
{[%clk 0:14:40]} Qc2 {[%clk 0:24:53]} 26. c5 {[%clk 0:05:58]} e5 {[%clk 0:15:25]}
27. Rxe5 {[%clk 0:06:09]} fxe5 {[%clk 0:03:12]} 28. Nxe5+ {[%clk 0:06:38]} Kf8
{[%clk 0:03:07]} 29. Qa8+ {[%clk 0:07:00]} Nc8 {[%clk 0:03:32]} 30. Qxc8+
{[%clk 0:07:26]} Ke7 {[%clk 0:03:59]} 31. Qd7+ {[%clk 0:06:36]} Kf6
{[%clk 0:04:27]} 32. Qd6+ {[%clk 0:07:03]} Kf5 {[%clk 0:04:11]} 33. g4+
{[%clk 0:00:38]} Ke4 {[%clk 0:04:35]} 34. Qc6+ {[%clk 0:00:32]} Kxe5
{[%clk 0:04:09]} 35. Qd6+ {[%clk 0:00:48]} Ke4 {[%clk 0:04:37]} 36. Qe7+
{[%clk 0:01:08]} Kf3 {[%clk 0:03:18]} 37. Qe3+ {[%clk 0:01:36]} Kxg4
{[%clk 0:03:43]} 38. f3+ {[%clk 0:01:48]} Kh3 {[%clk 0:03:02]} 39. Rg1
{[%clk 0:00:33]} Qd1+ {[%clk 0:03:05]} 40. Qe1 {[%clk 0:00:37]} Qxf3+
{[%clk 0:03:22]} 41. Qf2 {[%clk 0:01:03]} Qd3+ {[%clk 0:03:42]} 0-1

[Event "Hastings Masters"]
[Site "Horntye, Hastings"]
[Date "2018.01.05"]
[Round "9"]
[Board "14"]
[White "MUIR, Andrew J"]
[Black "OYAMA, Akito"]
[Result "1-0"]
[WhiteElo "2297"]
[BlackElo "2185"]
[PlyCount "0"]
[EventDate "2017.12.28"]
[EventRounds "9"]
[EventCountry "ENG"]

1. d4 {[%clk 1:40:50]} Nf6 {[%clk 1:40:55]} 2. c4 {[%clk 1:41:12]} e6
{[%clk 1:41:22]} 3. Nc3 {[%clk 1:41:27]} Bb4 {[%clk 1:41:48]} 4. e3
{[%clk 1:41:45]} Bxc3+ {[%clk 1:42:13]} 5. bxc3 {[%clk 1:42:09]} d6
{[%clk 1:42:38]} 6. Bd3 {[%clk 1:41:52]} e5 {[%clk 1:42:47]} 7. e4
{[%clk 1:41:40]} Nc6 {[%clk 1:41:07]} 8. Ne2 {[%clk 1:41:21]} O-O
{[%clk 1:39:25]} 9. O-O {[%clk 1:41:35]} Re8 {[%clk 1:39:15]} 10. f3
{[%clk 1:34:53]} Ne7 {[%clk 1:31:20]} 11. c5 {[%clk 1:32:21]} Ng6
{[%clk 1:30:55]} 12. cxd6 {[%clk 1:26:48]} cxd6 {[%clk 1:29:28]} 13. c4
{[%clk 1:22:17]} Qc7 {[%clk 1:19:05]} 14. Be3 {[%clk 1:20:26]} Be6
{[%clk 1:16:13]} 15. Rc1 {[%clk 1:14:10]} b6 {[%clk 1:14:11]} 16. Nc3
{[%clk 1:06:58]} Rac8 {[%clk 1:11:28]} 17. Qd2 {[%clk 1:02:30]} Qe7
{[%clk 1:00:41]} 18. Nd5 {[%clk 0:45:57]} Nxd5 {[%clk 0:55:33]} 19. cxd5
{[%clk 0:46:11]} Bd7 {[%clk 0:55:59]} 20. Ba6 {[%clk 0:46:30]} Rxc1
{[%clk 0:55:10]} 21. Rxc1 {[%clk 0:46:40]} Ra8 {[%clk 0:46:27]} 22. Qc3
{[%clk 0:40:06]} Be8 {[%clk 0:41:00]} 23. Qc7 {[%clk 0:34:45]} Kf8
{[%clk 0:40:50]} 24. Bc8 {[%clk 0:27:40]} f6 {[%clk 0:36:19]} 25. Bd2
{[%clk 0:26:22]} Qxc7 {[%clk 0:34:55]} 26. Rxc7 {[%clk 0:26:47]} Ne7
{[%clk 0:35:21]} 27. Bb7 {[%clk 0:25:11]} Rd8 {[%clk 0:35:25]} 28. dxe5
{[%clk 0:25:21]} fxe5 {[%clk 0:34:55]} 29. Ba6 {[%clk 0:20:22]} Rd7
{[%clk 0:32:42]} 30. Rxd7 {[%clk 0:20:19]} Bxd7 {[%clk 0:33:11]} 31. Bb4
{[%clk 0:20:42]} Nc8 {[%clk 0:31:06]} 32. Bxc8 {[%clk 0:21:00]} Bxc8
{[%clk 0:31:35]} 33. Bxd6+ {[%clk 0:21:23]} Kf7 {[%clk 0:32:01]} 34. Bxe5
{[%clk 0:21:46]} Bd7 {[%clk 0:30:07]} 35. Kf2 {[%clk 0:21:49]} Bb5
{[%clk 0:30:26]} 36. a3 {[%clk 0:21:19]} Bc4 {[%clk 0:30:30]} 37. Ke3
{[%clk 0:21:30]} g6 {[%clk 0:30:15]} 38. Kd4 {[%clk 0:21:24]} Bf1
{[%clk 0:30:26]} 39. g3 {[%clk 0:21:47]} Ke7 {[%clk 0:30:28]} 40. Bb8
{[%clk 0:19:54]} a6 {[%clk 0:30:54]} 41. e5 {[%clk 0:20:12]} b5 {[%clk 0:30:22]}
42. Bd6+ {[%clk 0:19:43]} Kd7 {[%clk 0:30:39]} 43. Bb4 {[%clk 0:19:52]} Bg2
{[%clk 0:30:08]} 44. e6+ {[%clk 0:19:53]} Kc7 {[%clk 0:30:27]} 45. d6+
{[%clk 0:19:23]} 1-0

[Event "Hastings Masters"]
[Site "Horntye, Hastings"]
[Date "2018.01.05"]
[Round "9"]
[Board "15"]
[White "BRITTON, Richard L"]
[Black "ROGACEWICZ, Mikolaj"]
[Result "1-0"]
[WhiteElo "2239"]
[BlackElo "1961"]
[PlyCount "0"]
[EventDate "2017.12.28"]
[EventRounds "9"]
[EventCountry "ENG"]

1. e4 {[%clk 1:40:55]} e6 {[%clk 1:40:48]} 2. d4 {[%clk 1:41:06]} d5
{[%clk 1:41:08]} 3. Nc3 {[%clk 1:41:31]} Bb4 {[%clk 1:41:31]} 4. e5
{[%clk 1:41:55]} c5 {[%clk 1:41:56]} 5. a3 {[%clk 1:42:21]} Bxc3+
{[%clk 1:42:20]} 6. bxc3 {[%clk 1:42:46]} Ne7 {[%clk 1:42:43]} 7. Nf3
{[%clk 1:41:52]} Nbc6 {[%clk 1:41:54]} 8. h4 {[%clk 1:39:17]} Qa5
{[%clk 1:38:42]} 9. Bd2 {[%clk 1:39:39]} b6 {[%clk 1:36:30]} 10. h5
{[%clk 1:10:33]} h6 {[%clk 1:27:24]} 11. Rh4 {[%clk 1:03:36]} g5 {[%clk 1:24:00]}
12. hxg6 {[%clk 0:56:26]} Nxg6 {[%clk 1:22:05]} 13. c4 {[%clk 0:41:54]} Qa4
{[%clk 1:21:20]} 14. Rxh6 {[%clk 0:42:11]} Rxh6 {[%clk 1:20:27]} 15. Bxh6
{[%clk 0:42:35]} cxd4 {[%clk 1:12:33]} 16. cxd5 {[%clk 0:18:32]} exd5
{[%clk 1:04:40]} 17. Bd3 {[%clk 0:17:46]} Bg4 {[%clk 1:02:23]} 18. e6
{[%clk 0:15:42]} Bxe6 {[%clk 0:58:12]} 19. Qe2 {[%clk 0:10:45]} Kd7
{[%clk 0:44:16]} 20. Bb5 {[%clk 0:02:57]} Qa5+ {[%clk 0:14:23]} 21. Bd2
{[%clk 0:03:20]} Nf4 {[%clk 0:12:29]} 22. Bxa5 {[%clk 0:03:25]} Nxe2
{[%clk 0:12:26]} 23. Bd2 {[%clk 0:03:51]} d3 {[%clk 0:08:21]} 24. cxd3
{[%clk 0:03:53]} Re8 {[%clk 0:08:06]} 25. Kxe2 {[%clk 0:03:52]} Bg4+
{[%clk 0:08:02]} 26. Kf1 {[%clk 0:04:01]} Bxf3 {[%clk 0:08:07]} 27. gxf3
{[%clk 0:04:25]} a6 {[%clk 0:08:25]} 28. Bxa6 Rh8 {[%clk 0:08:22]} 29. Rc1
{[%clk 0:02:26]} Nd4 {[%clk 0:08:27]} 30. Be3 {[%clk 0:02:04]} Nxf3
{[%clk 0:07:55]} 31. Ke2 {[%clk 0:02:21]} Ne5 {[%clk 0:07:32]} 32. Bb5+
{[%clk 0:02:44]} Ke6 {[%clk 0:07:30]} 33. d4 {[%clk 0:02:51]} Nc4
{[%clk 0:07:19]} 34. Bxc4 {[%clk 0:03:11]} dxc4 {[%clk 0:07:40]} 35. Rxc4
{[%clk 0:03:36]} Kd5 {[%clk 0:07:44]} 36. Rc7 {[%clk 0:03:45]} Ra8
{[%clk 0:07:30]} 37. Rc3 {[%clk 0:02:11]} Ke4 {[%clk 0:06:56]} 38. Rb3
{[%clk 0:02:28]} f5 {[%clk 0:06:59]} 39. Rb5 {[%clk 0:02:52]} 1-0

[Event "Hastings Masters"]
[Site "Horntye, Hastings"]
[Date "2018.01.05"]
[Round "9"]
[Board "16"]
[White "BUCHENAU, Frank"]
[Black "SALMONS, Calum"]
[Result "1-0"]
[WhiteElo "2236"]
[BlackElo "1756"]
[PlyCount "0"]
[EventDate "2017.12.28"]
[EventRounds "9"]
[EventCountry "ENG"]

1. e4 {[%clk 1:40:58]} c5 {[%clk 1:40:46]} 2. Nf3 {[%clk 1:41:12]} d6
{[%clk 1:41:08]} 3. Bb5+ {[%clk 1:41:21]} Nd7 {[%clk 1:41:32]} 4. O-O
{[%clk 1:41:41]} a6 {[%clk 1:41:55]} 5. Bd3 {[%clk 1:42:03]} Ngf6
{[%clk 1:42:16]} 6. Re1 {[%clk 1:42:27]} g6 {[%clk 1:42:13]} 7. c3
{[%clk 1:42:01]} Bg7 {[%clk 1:42:28]} 8. Bf1 {[%clk 1:40:44]} O-O
{[%clk 1:41:32]} 9. d4 {[%clk 1:39:06]} cxd4 {[%clk 1:39:47]} 10. cxd4
{[%clk 1:38:22]} b5 {[%clk 1:38:56]} 11. a4 {[%clk 1:35:43]} bxa4
{[%clk 1:19:17]} 12. Qxa4 {[%clk 1:31:14]} Bb7 {[%clk 1:17:08]} 13. Nc3
{[%clk 1:30:19]} Nb6 {[%clk 1:08:59]} 14. Qb3 {[%clk 1:27:10]} Nfd7
{[%clk 1:05:57]} 15. Be3 {[%clk 1:21:59]} a5 {[%clk 0:58:10]} 16. Bb5
{[%clk 1:15:58]} Nf6 {[%clk 0:51:38]} 17. Bf4 {[%clk 1:12:51]} Nbd7
{[%clk 0:41:45]} 18. h3 {[%clk 1:05:14]} Rb8 {[%clk 0:38:28]} 19. Qa4
{[%clk 1:00:08]} Nb6 {[%clk 0:33:00]} 20. Qc2 {[%clk 0:59:15]} Rc8
{[%clk 0:28:52]} 21. Qe2 {[%clk 0:53:16]} Bc6 {[%clk 0:21:24]} 22. Bxc6
{[%clk 0:51:44]} Rxc6 {[%clk 0:21:45]} 23. Rxa5 {[%clk 0:50:50]} Nc4
{[%clk 0:19:50]} 24. Ra4 {[%clk 0:49:21]} Qc8 {[%clk 0:18:26]} 25. d5
{[%clk 0:40:06]} Rc5 {[%clk 0:15:36]} 26. b4 {[%clk 0:37:17]} Rc7
{[%clk 0:14:05]} 27. Nb5 {[%clk 0:36:59]} Rb7 {[%clk 0:13:18]} 28. Na7
{[%clk 0:35:05]} Qd7 {[%clk 0:12:25]} 29. Nc6 {[%clk 0:34:36]} Nb6
{[%clk 0:11:33]} 30. Ra6 {[%clk 0:31:33]} e6 {[%clk 0:09:19]} 31. Na5
{[%clk 0:29:53]} Rbb8 {[%clk 0:07:57]} 32. dxe6 {[%clk 0:25:13]} fxe6
{[%clk 0:07:29]} 33. Rd1 {[%clk 0:24:33]} Ne8 {[%clk 0:06:09]} 34. Ne5
{[%clk 0:16:32]} Bxe5 {[%clk 0:03:47]} 35. Bxe5 {[%clk 0:15:38]} Qc7
{[%clk 0:03:35]} 36. Bg3 {[%clk 0:13:33]} e5 {[%clk 0:03:27]} 37. Qa2+
{[%clk 0:12:59]} Kh8 {[%clk 0:03:29]} 38. Qe6 {[%clk 0:12:49]} Nd7
{[%clk 0:01:37]} 39. Nc6 {[%clk 0:12:03]} Rb6 {[%clk 0:01:21]} 40. Rxb6
{[%clk 0:11:26]} Nxb6 {[%clk 0:01:31]} 41. Rxd6 {[%clk 0:10:54]} Qf7
{[%clk 0:41:21]} 42. Bxe5+ {[%clk 1:00:52]} Ng7 {[%clk 0:41:16]} 43. Qxf7 1-0

[Event "Hastings Masters"]
[Site "Horntye, Hastings"]
[Date "2018.01.05"]
[Round "9"]
[Board "17"]
[White "KRISTIANSEN, Jens"]
[Black "SUGDEN, John N"]
[Result "1/2-1/2"]
[WhiteElo "2415"]
[BlackElo "2059"]
[PlyCount "0"]
[EventDate "2017.12.28"]
[EventRounds "9"]
[EventCountry "ENG"]

1. d4 {[%clk 1:40:58]} Nf6 {[%clk 1:40:33]} 2. c4 {[%clk 1:41:20]} e6
{[%clk 1:40:31]} 3. Nc3 {[%clk 1:41:42]} Bb4 {[%clk 1:40:34]} 4. e3
{[%clk 1:42:00]} c5 {[%clk 1:40:19]} 5. Bd3 {[%clk 1:42:03]} cxd4
{[%clk 1:37:40]} 6. exd4 {[%clk 1:42:23]} d5 {[%clk 1:37:39]} 7. Nf3
{[%clk 1:42:40]} O-O {[%clk 1:35:18]} 8. O-O {[%clk 1:43:01]} dxc4
{[%clk 1:28:26]} 9. Bxc4 {[%clk 1:43:22]} Nbd7 {[%clk 1:25:52]} 10. Bg5
{[%clk 1:39:27]} Nb6 {[%clk 1:17:22]} 11. Bb3 {[%clk 1:39:23]} Be7
{[%clk 1:14:37]} 12. Qd3 {[%clk 1:37:21]} Bd7 {[%clk 1:11:22]} 13. Bc2
{[%clk 1:34:20]} g6 {[%clk 1:11:15]} 14. Bh6 {[%clk 1:32:59]} Re8
{[%clk 1:11:15]} 15. Ne5 {[%clk 1:32:31]} Nbd5 {[%clk 1:04:28]} 16. Qg3
{[%clk 1:28:00]} Nh5 {[%clk 0:43:24]} 17. Qf3 {[%clk 1:26:24]} Bf6
{[%clk 0:35:47]} 18. Nxd5 {[%clk 1:23:53]} Bxe5 {[%clk 0:35:05]} 19. dxe5
{[%clk 1:24:12]} exd5 {[%clk 0:35:25]} 20. Qxd5 {[%clk 1:24:00]} Bc6
{[%clk 0:33:00]} 21. Qxd8 {[%clk 1:22:09]} Raxd8 {[%clk 0:32:40]} 22. f4
{[%clk 1:09:48]} Rd2 {[%clk 0:22:52]} 23. Rf2 {[%clk 1:09:15]} Rd4
{[%clk 0:22:58]} 24. Rd1 {[%clk 1:05:46]} Red8 {[%clk 0:22:33]} 25. Rxd4
{[%clk 1:05:58]} Rxd4 {[%clk 0:22:56]} 26. f5 {[%clk 1:03:36]} Ng7
{[%clk 0:11:23]} 27. f6 {[%clk 0:57:11]} Ne6 {[%clk 0:09:54]} 28. Bb3
{[%clk 0:55:56]} Rd7 {[%clk 0:06:00]} 29. Be3 {[%clk 0:53:31]} a6
{[%clk 0:06:13]} 30. h3 {[%clk 0:53:14]} Kf8 {[%clk 0:05:39]} 31. Kh2
{[%clk 0:51:52]} Nd4 {[%clk 0:04:05]} 32. Bxd4 {[%clk 0:51:39]} Rxd4
{[%clk 0:04:28]} 33. e6 {[%clk 0:51:53]} fxe6 {[%clk 0:04:16]} 34. Bxe6
{[%clk 0:52:16]} Bd5 {[%clk 0:03:41]} 35. Bxd5 {[%clk 0:52:02]} Rxd5
{[%clk 0:04:03]} 36. Re2 {[%clk 0:50:55]} Rd7 {[%clk 0:02:25]} 37. Re6
{[%clk 0:51:07]} Kf7 {[%clk 0:02:17]} 38. Rb6 {[%clk 0:51:29]} g5
{[%clk 0:01:05]} 39. Kg3 {[%clk 0:49:57]} Kg6 {[%clk 0:01:10]} 40. Kf3
{[%clk 0:49:46]} h5 {[%clk 0:00:55]} 41. Ke3 {[%clk 0:46:08]} Kf5
{[%clk 0:47:04]} 42. a4 {[%clk 1:31:49]} h4 {[%clk 0:41:34]} 43. a5
{[%clk 1:31:04]} Ke5 {[%clk 0:39:14]} 44. b4 {[%clk 1:30:19]} Kf5
{[%clk 0:34:56]} 45. Kf3 {[%clk 1:29:06]} Rd3+ {[%clk 0:34:50]} 46. Ke2
{[%clk 1:29:28]} Rd7 {[%clk 0:35:12]} 47. Ke3 {[%clk 1:29:46]} Ke5
{[%clk 0:34:42]} 48. b5 {[%clk 1:30:00]} axb5 {[%clk 0:34:42]} 49. f7
{[%clk 1:30:15]} Rxf7 {[%clk 0:33:57]} 50. Rxb5+ {[%clk 1:30:38]} Kf6
{[%clk 0:33:31]} 51. Kd4 {[%clk 1:30:16]} Ke6 {[%clk 0:16:33]} 52. Rxg5
{[%clk 1:30:06]} Rf2 {[%clk 0:13:19]} 53. Ke3 {[%clk 1:29:56]} Ra2
{[%clk 0:12:46]} 54. Kf3 {[%clk 1:28:15]} Kf6 {[%clk 0:11:00]} 55. Rg4
{[%clk 1:27:45]} Ra3+ {[%clk 0:11:01]} 56. Kf2 {[%clk 1:28:07]} Ra2+
{[%clk 0:10:40]} 57. Kg1 {[%clk 1:28:25]} Rxa5 {[%clk 0:10:18]} 58. Rxh4
{[%clk 1:28:49]} Rb5 {[%clk 0:09:01]} 59. Rh8 {[%clk 1:25:36]} Rb2
{[%clk 0:07:50]} 60. h4 {[%clk 1:24:28]} b5 {[%clk 0:07:31]} 61. Kh2
{[%clk 1:22:55]} Rb3 {[%clk 0:03:08]} 62. Rb8 {[%clk 1:20:50]} Kf5
{[%clk 0:02:48]} 63. Rg8 {[%clk 1:19:42]} b4 {[%clk 0:01:57]} 64. h5
{[%clk 1:16:19]} Rc3 {[%clk 0:01:59]} 65. h6 {[%clk 1:14:12]} Rc7
{[%clk 0:01:20]} 66. Rg7 {[%clk 1:09:59]} Rc8 {[%clk 0:01:43]} 67. g4+
{[%clk 1:10:00]} Kf4 {[%clk 0:02:06]} 68. h7 {[%clk 1:09:03]} Rh8
{[%clk 0:01:38]} 69. g5 {[%clk 1:07:56]} b3 {[%clk 0:01:55]} 70. g6
{[%clk 1:08:17]} b2 {[%clk 0:02:15]} 71. Rb7 {[%clk 1:08:42]} Kf5
{[%clk 0:02:11]} 1/2-1/2

[Event "Hastings Masters"]
[Site "Horntye, Hastings"]
[Date "2018.01.05"]
[Round "9"]
[Board "18"]
[White "EAMES, Robert S"]
[Black "WILLSON, Ollie"]
[Result "1-0"]
[WhiteElo "2159"]
[BlackElo "2057"]
[PlyCount "0"]
[EventDate "2017.12.28"]
[EventRounds "9"]
[EventCountry "ENG"]

1. Nf3 {[%clk 1:40:56]} Nf6 {[%clk 1:40:56]} 2. c4 {[%clk 1:41:19]} e6
{[%clk 1:41:15]} 3. Nc3 {[%clk 1:41:26]} d5 {[%clk 1:41:36]} 4. d4
{[%clk 1:41:37]} a6 {[%clk 1:41:55]} 5. cxd5 {[%clk 1:39:19]} exd5
{[%clk 1:42:17]} 6. Bg5 {[%clk 1:39:18]} Be6 {[%clk 1:42:08]} 7. e3
{[%clk 1:38:18]} Nbd7 {[%clk 1:41:23]} 8. Bd3 {[%clk 1:37:55]} Bd6
{[%clk 1:41:28]} 9. O-O {[%clk 1:37:09]} O-O {[%clk 1:41:40]} 10. Rc1
{[%clk 1:35:54]} c6 {[%clk 1:40:11]} 11. Bh4 {[%clk 1:32:13]} h6 {[%clk 1:39:22]}
12. Bg3 {[%clk 1:32:29]} Qe7 {[%clk 1:31:24]} 13. Ne5 {[%clk 1:30:13]} Rfe8
{[%clk 1:07:30]} 14. f4 {[%clk 1:30:13]} Nf8 {[%clk 1:06:09]} 15. Bh4
{[%clk 1:27:01]} N8h7 {[%clk 0:56:55]} 16. Bxh7+ {[%clk 1:25:46]} Kxh7
{[%clk 0:57:12]} 17. f5 {[%clk 1:26:06]} Bd7 {[%clk 0:44:20]} 18. Ng4
{[%clk 1:21:33]} Rh8 {[%clk 0:29:54]} 19. Qf3 {[%clk 1:16:15]} Rae8
{[%clk 0:19:35]} 20. Rce1 {[%clk 1:09:36]} Bb4 {[%clk 0:17:36]} 21. Qh3
{[%clk 0:54:01]} Kg8 {[%clk 0:15:50]} 22. Rf3 {[%clk 0:47:23]} h5
{[%clk 0:12:24]} 23. Ne5 {[%clk 0:43:37]} Bc8 {[%clk 0:11:43]} 24. e4
{[%clk 0:39:12]} Bxc3 {[%clk 0:11:22]} 25. bxc3 {[%clk 0:39:10]} dxe4
{[%clk 0:10:26]} 26. Rxe4 {[%clk 0:39:30]} Rd8 {[%clk 0:03:40]} 27. Re1
{[%clk 0:38:29]} Qd6 {[%clk 0:03:43]} 28. Nc4 {[%clk 0:36:41]} Qc7
{[%clk 0:02:45]} 29. Bg3 {[%clk 0:33:23]} Qd7 {[%clk 0:02:23]} 30. Nb6
{[%clk 0:33:39]} 1-0